| 000 | 00858nam a2200241Ia 4500 | ||
|---|---|---|---|
| 003 | GCL | ||
| 008 | 140319s9999 xx 000 0 eng d | ||
| 020 | _a0275926400 | ||
| 040 |
_aGCL / _cGCL |
||
| 082 | 0 | 4 |
_a327.091716 _bJ N |
| 100 | 1 | _aJACKSON, RICHARD L. | |
| 245 | 1 | 0 |
_aTHE NON - ALIGNED, THE UN, AND THE SUPERPOWERS / _cJACKSON, RICHARD L. |
| 700 | 1 | _aNEWSOM, DAVID D | |
| 260 |
_aنيويورك : _bPRAEGER PUBLISHERS ، _c1983 |
||
| 300 |
_a23 CM ؛ _c315 P |
||
| 650 | 0 | 4 | _aUNITED NATIONS |
| 650 | 0 | 4 | _aUNITED STATES - FOREIGN RELATIONS |
| 650 | 0 | 4 | _aUNITED STATES - FOREIGN RELATIONS - DEVELOPING COUNTRIES |
| 650 | 0 | 4 | _aDEVELOPING COUNTRIES - FOREIGN RELATIONS - UNITED STATES |
| 650 | 0 | 4 | _aSOVIET UNION - FOREIGN RELATIONS - DEVELOPING COUNTRIES |
| 650 | 0 | 4 | _aDEVELOPING COUNTRIES - FOREIGN RELATIONS - SOVIET UNION |
| 942 |
_2ddc _cBK |
||
| 999 |
_c8197 _d8197 |
||